Normal view
MARC view
- لجنة الترجمة والتعريب/اعداد
Entry Personal Name
001 - CONTROL NUMBER
- control field: 22454
003 - CONTROL NUMBER IDENTIFIER
- control field: JO-AjAnu
005 - DATE AND TIME OF LATEST TRANSACTION
- control field: 20230606073857.0
008 - FIXED-LENGTH DATA ELEMENTS
- fixed length control field: 230606|| aca||aabn | a|a d
040 ## - CATALOGING SOURCE
- Original cataloging agency: JO-AjAnu
- Transcribing agency: JO-AjAnu
100 ## - HEADING--PERSONAL NAME
- Personal name: لجنة الترجمة والتعريب/اعداد
670 ## - SOURCE DATA FOUND
- Source citation: Work cat.: (JO-AjAnu)11541: لجنة الترجمة والتعريب/اعداد, author, تعليم مهارات التفكير: مداخل وتدريبات عملية(دليل المعلم والمتعلم)